Indian Counter Terorism Law : (Record no. 104640)

MARC details
000 -LEADER
fixed length control field 00676nam a22002057a 4500
005 - DATE AND TIME OF LATEST TRANSACTION
control field 20161116150649.0
010 ## - LCCN (DPL NO)
LC control number ENG-116567
020 ## - INTERNATIONAL STANDARD BOOK NUMBER
International Standard Book Number 9789351436270
Terms of availability 395.00
035 ## - SYSTEM CONTROL NUMBER
System control number EN-100099
037 ## - SOURCE OF ACQUISITION
Source of stock number/acquisition DBAD/PUB
082 ## - DEWEY DECIMAL CLASSIFICATION NUMBER
Classification number 345.5402
100 ## - MAIN ENTRY--PERSONAL NAME
Personal name Bedi,Shruti
245 ## - TITLE STATEMENT
Title Indian Counter Terorism Law :
Statement of responsibility, etc by Shruti Bedi ; Intrduction by A.K. Sikri
260 ## - PUBLICATION, DISTRIBUTION, ETC. (IMPRINT)
Place of publication, distribution, etc Gurgaon
Name of publisher, distributor, etc Lexis Nexis
Date of publication, distribution, etc 2016
270 ## - ADDRESS
Address 14th floor, Building no 10, tower-B, DLF Cyber City, Phase-II,
City Gurgaon (Haryana 0
Postal code 122002
300 ## - PHYSICAL DESCRIPTION
Extent xxvii, 347p
Dimensions 23cm(Pbk)
500 ## - GENERAL NOTE
General note Includes bibliographical reference.
700 ## - ADDED ENTRY--PERSONAL NAME
Personal name Sikri, A.K.
942 ## - ADDED ENTRY ELEMENTS (KOHA)
Source of classification or shelving scheme Dewey Decimal Classification
Item type English Books
Classification part 345.5402
Call number suffix BED
Holdings
Withdrawn status Lost status Not for loan Collection code Home library Current library Date acquired Source of acquisition Cost, normal purchase price Full call number Barcode Copy number Cost, replacement price Koha item type
    Not For Loan Non-fiction D.B.Act.Division Bawana 16/11/2016 DBAD/PUB. 395.00 345.5402 BED EN- 100099 1 395.00 English Books

© Delhi Public Library
Hit Counter
free hit counter